Historia universal de la literatura

Uloženo v:
Podrobná bibliografie
Hlavní autor: Prampolini, Giacomo (Autor)
Médium: Kniha
Jazyk:španělština
Vydáno: Buenos Aires UTEHA 1940
Témata:
Tagy: Přidat tag
Žádné tagy, Buďte první, kdo vytvoří štítek k tomuto záznamu!

MARC

LEADER 00000nam a2200000 a 4500
001 UCQ8222
003 CL-VaPUC
008 981209e19400000AG |||||||||||||||||spa|d
082 0 4 |a 809  |b PRA  |2 21 
100 0 |a Prampolini, Giacomo  |e author  |9 422050 
245 1 0 |a Historia universal de la literatura 
300 |a v 
942 |c BK 
945 |d 19981209 00:00:00  |a cmena 
260 |a Buenos Aires  |b UTEHA  |c 1940 
500 |a v.1: Literaturas china, japonesa, inda y árabe 
500 |a v.2: Literaturas persa, turca, egipcia, babilónico-asiria y griega 
500 |a v.3: Literaturas romana, cristianas y bizantina, latina medioeval, hasta los siglos IX-X 
500 |a v.4: Literaturas latina medioeval, conclusión; hebraica medioeval y célticas 
500 |a v.6: Literaturas italiana en los siglos XIV-XVIII, cont.; germánica, inglesa e ibérica 
500 |a v.7: Literaturas ibéricas y francesa hasta fin del siglo XVI. España, Francia e Inglaterra, siglo XVII 
500 |a v.8: Literatura de Holanda, siglo XVII. El setecientos en Francia e Inglaterra, Alemania hasta Schiller y Goethe. Francia, siglo XIX, hasta la geurra europea 
500 |a v.9: El siglo XIX. Las literaturas de Francia, Alemania e Italia hasta la guerra europea, continuación. Las literaturas anglosajonas y nórdicas 
500 |a v.10: Inglaterra, continuación. Estados Unidos. Holanda, Frisia, Transvaal y Flandes, Dinamarca, Suecia y Finlandia Sueca, Islandia y Noruega 
500 |a v.11: Ibéricas: Castellana, catalana, gallega, portuguesa, ibero-americanas: México, Cuba 
500 |a v.12: Literaturas ibero-americanas cont., Cuba, Santo Domingo, Puerto Rico, Guatemala, Nicaragua, Honduras, El Salvador, Costa Rica, Panamá, Venezuela, Colombia, Ecuador, Perú, Bolivia, Paraguay, Brasil, Chile, Uruguay, Argentina 
500 |a v.13: Las literaturas eslavas. Las otras literaturas de Europa oriental. Las literaturas de Francia, Inglaterra, Alemania e Italia, desde 1915 en adelante 
650 0 |a Historia de la literatura  |9 322206 
650 0 |a Historia y crítica   |9 257407 
583 |a last modification  |c 19981209 00:00:00  |k Rodrigo Vera 
999 |c 277511  |d 277509 
952 |0 0  |1 0  |4 0  |6 809_000000000000000_PRA_1940  |7 0  |8 A  |9 315487  |a FDOPOS  |b FDOPOS  |d 2019-11-20  |h v.1  |i 1497707  |o 809 PRA 1940  |p 1497707  |r 2025-01-22  |w 2019-11-20  |y BK  |k MLH 
952 |0 0  |1 0  |4 0  |6 809_000000000000000_PRA_1940  |7 0  |8 A  |9 315488  |a FDOPOS  |b FDOPOS  |d 2019-11-20  |h v.2  |i 1497715  |o 809 PRA 1940  |p 1497715  |r 2025-01-22  |w 2019-11-20  |y BK  |k MLH 
952 |0 0  |1 0  |4 0  |6 809_000000000000000_PRA_1940  |7 0  |8 A  |9 315489  |a FDOPOS  |b FDOPOS  |d 2019-11-20  |h v.3  |i 1497723  |o 809 PRA 1940  |p 1497723  |r 2025-01-22  |w 2019-11-20  |y BK  |k MLH 
952 |0 0  |1 0  |4 0  |6 809_000000000000000_PRA_1940  |7 0  |8 A  |9 315490  |a FDOPOS  |b FDOPOS  |d 2019-11-20  |h v.4  |i 1497731  |o 809 PRA 1940  |p 1497731  |r 2025-01-22  |w 2019-11-20  |y BK  |k MLH 
952 |0 0  |1 0  |4 0  |6 809_000000000000000_PRA_1940  |7 0  |8 A  |9 315491  |a FDOPOS  |b FDOPOS  |d 2019-11-20  |h v.6  |i 149774K  |o 809 PRA 1940  |p 149774K  |r 2025-01-22  |w 2019-11-20  |y BK  |k MLH 
952 |0 0  |1 0  |4 0  |6 809_000000000000000_PRA_1940  |7 0  |8 A  |9 315492  |a FDOPOS  |b FDOPOS  |d 2019-11-20  |h v.7  |i 1497758  |o 809 PRA 1940  |p 1497758  |r 2025-01-22  |w 2019-11-20  |y BK  |k MLH 
952 |0 0  |1 0  |4 0  |6 809_000000000000000_PRA_1940  |7 0  |8 A  |9 315493  |a FDOPOS  |b FDOPOS  |d 2019-11-20  |h v.8  |i 1497766  |o 809 PRA 1940  |p 1497766  |r 2025-01-22  |w 2019-11-20  |y BK  |k MLH 
952 |0 0  |1 0  |4 0  |6 809_000000000000000_PRA_1940  |7 0  |8 A  |9 315494  |a FDOPOS  |b FDOPOS  |d 2019-11-20  |h v.9  |i 1497774  |o 809 PRA 1940  |p 1497774  |r 2025-01-22  |w 2019-11-20  |y BK  |k MLH 
952 |0 0  |1 0  |4 0  |6 809_000000000000000_PRA_1940  |7 0  |8 A  |9 315495  |a FDOPOS  |b FDOPOS  |d 2019-11-20  |h v.10  |i 1497782  |o 809 PRA 1940  |p 1497782  |r 2025-01-22  |w 2019-11-20  |y BK  |k MLH 
952 |0 0  |1 0  |4 0  |6 809_000000000000000_PRA_1940  |7 0  |8 A  |9 315496  |a FDOPOS  |b FDOPOS  |d 2019-11-20  |h v.11  |i 1497790  |o 809 PRA 1940  |p 1497790  |r 2025-01-22  |w 2019-11-20  |y BK  |k MLH 
952 |0 0  |1 0  |4 0  |6 809_000000000000000_PRA_1940  |7 0  |8 A  |9 315497  |a FDOPOS  |b FDOPOS  |d 2019-11-20  |h v.12  |i 1497804  |o 809 PRA 1940  |p 1497804  |r 2025-01-22  |w 2019-11-20  |y BK  |k MLH 
952 |0 0  |1 0  |4 0  |6 809_000000000000000_PRA_1940  |7 0  |8 A  |9 315498  |a FDOPOS  |b FDOPOS  |d 2019-11-20  |h v.13  |i 1497812  |o 809 PRA 1940  |p 1497812  |r 2025-01-22  |w 2019-11-20  |y BK  |k MLH